000
00298nam a22001457a 4500
020
_a
81-7028-414-7
082
_a
494
_b
SAS/H
100
_a
SHASTHRY,DHARMAPAL
245
_a
HUM EK HAIN
250
_a
FIRST
260
_a
DELHI
_b
RAJPAL
_c
2008
300
_a
48
650
_a
STORY
_z
DELHI
942
_c
BK
999
_c
4612
_d
4612